3 pays les plus médaillés par sports aux Jeux Olympiques 2026 - Statistiques

Statistiques générales
  • Ce quiz a été pris 65 fois
  • Le résultat moyen est 46 sur 50
Statistiques - réponses
Sport Pays Nb médailles % Correct
Biathlon France 13
100%
Patinage Artistique France 1
100%
Ski Alpinisme France 3
100%
Ski de Fond France 3
100%
Biathlon Norvège 11
100%
Combiné Nordique Norvège 3
100%
Saut à Ski Norvège 5
100%
Ski de Fond Norvège 14
100%
Bobsleigh États Unis 3
98%
Hockey sur Glace États Unis 2
98%
Patinage Artistique États Unis 3
98%
Patinage de Vitesse États Unis 5
98%
Ski Acrobatique États Unis 8
98%
Biathlon Suède 3
98%
Curling Suède 2
98%
Ski de Fond Suède 10
98%
Curling Canada 2
97%
Hockey sur Glace Canada 2
97%
Patinage de Vitesse sur Piste Courte Canada 5
97%
Ski Acrobatique Canada 5
97%
Ski Acrobatique Chine 9
97%
Patinage Artistique Japon 6
97%
Saut à Ski Japon 4
97%
Snowboard Japon 9
97%
Combiné Nordique Finlande 3
95%
Hockey sur Glace Finlande 1
95%
Patinage de Vitesse Pays Bas 13
95%
Patinage de Vitesse sur Piste Courte Pays Bas 7
95%
Bobsleigh Allemagne 8
92%
Luge Allemagne 5
92%
Skeleton Allemagne 6
92%
Luge Italie 4
92%
Patinage de Vitesse Italie 5
92%
Ski Alpin Italie 5
92%
Combiné Nordique Autriche 3
86%
Luge Autriche 4
86%
Skeleton Autriche 1
86%
Ski Alpin Autriche 4
86%
Snowboard Autriche 4
86%
Patinage de Vitesse sur Piste Courte Corée du Sud 7
86%
Snowboard Corée du Sud 3
86%
Ski Alpinisme Espagne 3
86%
Skeleton Royaume Uni 2
86%
Bobsleigh Suisse 1
84%
Curling Suisse 2
84%
Hockey sur Glace Suisse 1
84%
Ski Alpin Suisse 9
84%
Ski Alpinisme Suisse 2
84%
Saut à Ski Slovénie 4
65%
Patinage Artistique Kazakhstan 1
35%
Aucun quiz correspondant
Distribution des résultats
% des personnes avec chaque résultat
Percentile par nombre de réponses
Votre historique - résultats
Vous n’avez pas pris ce quiz